LEADER 01505nam a2200265 u 4500 001 000000025351 003 CaOOAMICUS 005 20070226111444.0 008 950717s1973 it u000 u ita u 035 $a10651062 040 $aPUL$bita 100 1 $aSoldi Rondinini, Gigliola.$0(OLS)http://pul/name/21039 245 10$aPer la storia del Cardinalato nel seolo XV :$b(con l'edizione del trattato De cardinalibus di Martino Garati da Lodi) 260 $aMilano :$bIstituto lombardo di scienze e lettere,$c1973. 300 $a91 p. ;$c25 cm 490 1 $aMemorie dell'Istituto Lombardo-Accademia di Scienze e Lettere.$aClasse di lettere, scienze morali e storiche ;$vvol. 33, fasc. 1 600 14$aGarati, Martino,$dm. 1453.$0(OLS)http://pul/subject/15000 650 4$aCardinali$xStoria$ySec.XV-XVI.$0(OLS)http://pul/subject/15001 830 0$aMemorie dell'Istituto Lombardo-Accademia di Scienze e Lettere.$pClasse di lettere, scienze morali e storiche ;$vvol. 33, fasc. 1.$0(OLS)http://pul/title/4051 850 $aPUL 852 $aPUL$W1$xDP1 Fondo Maccarrone$y58$m1505 E 54$j35466$nBK-PRI$b $qFondi$B35466$CPULBib$Z2$F35466 $H $81 941 1 $a1 961 $aINV: 01594 -- Fondo Mons. M. Maccarrone 996 $6245$aPer la storia del Cardinalato nel seolo XV :$b(con l'edizione del trattato De cardinalibus di Martino Garati da Lodi)$9(OLS)http://pul/title/34938 996 $6260$aMilano :$bIstituto lombardo di scienze e lettere$9(OLS)http://pul/publisher/49515 LEADER 01251nam a2200313 u 4500 001 000000057115 003 CaOOAMICUS 005 20070226120540.0 008 010427s1983 fr u000 u fre u 020 $a2852445824 035 $a10886737 040 $aPUL(R)$bita 100 1 $aJaki, Stanley L.,$cO.S.B.$0(OLS)http://pul/name/7307 245 10$aEt sur ce roc :$ble témoignage d'une terre et de deux testaments /$cStanley L. Jaki. 260 $aParis :$bTéqui,$c1983. 300 $a110 p. ;$c22 cm 490 1 $aCroire et savoir ;$v4 504 $aBibliografia in nota. 600 04$aPetrus,$cs., apostolo.$0(OLS)http://pul/subject/2302 650 4$aPapato.$0(OLS)http://pul/subject/4195 830 0$aCroire et savoir ;$v4.$0(OLS)http://pul/title/16968 850 $aPUL 852 $aPUL$W1$xSL Religione 1$y3$m60 F 30$j74781$nBK-PRI$b $qStampati$B74781$CPULBib$Z2$F74781 $H $81 941 1 $a8 960 $aPietro,$cs., apostolo$92302 961 $aINV: 52417 996 $6020$a2852445824$9(OLS)http://pul/number/72121 996 $6245$aEt sur ce roc :$ble témoignage d'une terre et de deux testaments$9(OLS)http://pul/title/76439 996 $6260$aParis :$bTéqui$9(OLS)http://pul/publisher/50105